“降弓用刑”名场面填空 - Statistics

General Stats
  • This quiz has been taken 16 times
  • The average score is 9 of 31
Answer Stats
原句 填空 % Correct
石湖荡站:啊_ _ _ _K1806司机啊, 电力客车
86%
命令号码_____ 75038
86%
石湖荡站:啊_ _ _ _K1806司机啊 电力客车
57%
石湖荡站:命令号码_____ 75038
57%
K1806司机:命令号码_____ 75038
57%
_ _ _ _! 降弓用刑
50%
命令号码____(搞错了划掉)___ 7501038
50%
K1806司机:师…师傅你_ _ _ _ 再说一遍
43%
石湖荡站:(纠正发音)_ _ _ _哦! 降弓用刑
43%
6…_______ 64K+520
43%
K1806停妥后,石湖荡站传递_ _ _ _ 调度命令
36%
石湖荡站:_ _ _ _! 降弓用刑
36%
K1806司机:_ _ _ _! 降弓运行
36%
石湖荡站:石湖荡至_ _ _ _ _ _ 松江间上行线
21%
石湖荡站:石湖荡_ _ _ _ _ _ _ 松江区间上行线
21%
K1806司机:_ _ _ _6×××(啊♂) 司机代号
21%
+______ 64K120
21%
K1806司机:______ 64K520
21%
K1806司机:石湖荡到_ _ _ _ _ _ _ 松江区间上行线
14%
石湖荡站:你_ _ _ _啊? 代号多少
14%
K1806司机:_ _是6×××(啊♂) 代号
14%
K1806司机:_ _ 好的
14%
到______(不对)__(不对)___ 64K+101liang120
14%
到_______ 64K+120
14%
石湖荡站:_______ 64K+520
14%
石湖荡站:_ _啊? 多少
7%
石湖荡要求K1806司机加强瞭望,再看一下异物情况,_ _ _ _ _ _ _ _ _ _。 同时安排检修人员上道
7%
K1806司机复述,_ _ _ _ _ 电台有干扰
0%
K1806司机:什么?你再说一遍,_ _ _ _ _ 刚才没听清
0%
石湖荡站:6×××($%#$^%@$^)那么你_ _ _ _ _ _ _ _ _ _ _ _哦! 降弓用刑知道了马上就开的
0%
石湖荡站:那接下来的运行途中_ _ _ _ _ _ 啊! 你要加强瞭望
0%
No matching quizzes found
Score Distribution
Percent of People with Each Score
Percentile by Number Answered
Your Score History
You have not taken this quiz